[Event "25th Rubinstein Memorial"]
[Site "Polanica Zdroj POL"]
[Date "1987.08.??"]
[Round "7"]
[White "Kuczynski, Robert"]
[Black "Garcia Gonzales, Guillermo"]
[WhiteElo "2470"]
[BlackElo "2510"]
[Result "1/2-1/2"]
[EventDate "1987.08.05"]
[PlyCount "123"]
1. e4 e5 2. Nf3 Nf6 3. Nxe5 d6 4. Nf3 Nxe4 5. d4 d5 6. Bd3 Nc6 7. O-O Be7 8. c4 Nb4 9. Be2 Be6 10. Nc3 O-O 11. Be3 Bf6 12. Qb3 a5 13. Nxe4 dxe4 14. Ne1 Bxd4 15. a3 Bxe3 16. Qxe3 Nc6 17. Qxe4 Qf6 18. Nf3 Bf5 19. Qf4 Rae8 20. Rfe1 Qxb2 21. Bf1 Be4 22. Ng5 Bg6 23. Qxc7 h6 24. Nf3 Be4 25. Qf4 Re6 26. c5 Bxf3 27. Qxf3 Nd4 28. Qg3 Rfe8 29. Reb1 Ne2+ 30. Bxe2 Rxe2 31. h3 Qd4 32. Rf1 Qxc5 33. Rac1 Qe5 34. Rc7 Qxg3 35. fxg3 R8e7 36. Rxe7 Rxe7 37. Rb1 Re3 38. Kf2 Rxa3 39. Rxb7 g6 40. Ra7 Kg7 41. g4 Kf6 42. Ke1 Ke6 43. Ke2 Ra2+ 44. Kf3 Ra1 45. Kg3 a4 46. Ra6+ Ke5 47. Ra7 Kf6 48. Ra6+ Kg7 49. Kf2 a3 50. Kg3 g5 51. h4 f6 52. h5 Kf7 53. Kh3 Ke7 54. Kh2 a2 55. Kg3 Kd7 56. Kh2 Kc7 57. Kg3 Kb7 58. Ra3 Kc6 59. Ra8 Kd5 60. Ra4 Ke5 61. Kf2 Kd6 62. Kg3 1/2-1/2

[Event "25th Rubinstein Memorial"]
[Site "Polanica Zdroj POL"]
[Date "1987.08.??"]
[Round "7"]
[White "Spasov, Luben"]
[Black "Popchev, Milko"]
[WhiteElo "2365"]
[BlackElo "2460"]
[Result "1/2-1/2"]
[EventDate "1987.08.05"]
[PlyCount "25"]
1. c4 Nf6 2. Nc3 e5 3. Nf3 Nc6 4. e3 Be7 5. d4 d6 6. Be2 O-O 7. O-O Bf5 8. b3 Ne4 9. Bb2 Nxc3 10. Bxc3 Bf6 11. Qd2 Qe7 12. Rad1 Rfe8 13. Qb2 1/2-1/2

[Event "25th Rubinstein Memorial"]
[Site "Polanica Zdroj POL"]
[Date "1987.08.??"]
[Round "7"]
[White "Tomaszewski, Roman"]
[Black "Boensch, Uwe"]
[WhiteElo "2435"]
[BlackElo "2530"]
[Result "0-1"]
[EventDate "1987.08.05"]
[PlyCount "92"]
1. d4 d5 2. c4 e6 3. Nc3 Nf6 4. cxd5 exd5 5. Bg5 Be7 6. e3 O-O 7. Bd3 Nbd7 8. Qc2 Re8 9. Nf3 Nf8 10. O-O c6 11. Rab1 a5 12. a3 Bd6 13. Rfe1 Bg4 14. Nd2 Bh5 15. Nf1 Bg6 16. Na4 Bxd3 17. Qxd3 h6 18. Bh4 Ng6 19. Bxf6 Qxf6 20. g3 h5 21. Kg2 h4 22. f4 Ne7 23. g4 g5 24. f5 Kg7 25. Nc3 h3+ 26. Kh1 Ng8 27. e4 dxe4 28. Nxe4 Qd8 29. Qxh3 Bf4 30. Rbd1 Qd5 31. Qg2 Rad8 32. Nfg3 Bxg3 33. hxg3 Nf6 34. Nxf6 Kxf6 35. Rxe8 Rxe8 36. Qxd5 cxd5 37. Rd2 Re4 38. Kg2 Rxg4 39. Kf3 Kxf5 40. Rf2 Re4 41. Rd2 g4+ 42. Kf2 Re6 43. Kg2 Ke4 44. Rf2 Kxd4 45. Rxf7 b5 46. Kf2 Kd3 0-1

[Event "25th Rubinstein Memorial"]
[Site "Polanica Zdroj POL"]
[Date "1987.08.??"]
[Round "8"]
[White "Thorsteins, Karl"]
[Black "Tomaszewski, Roman"]
[WhiteElo "2445"]
[BlackElo "2435"]
[Result "1/2-1/2"]
[EventDate "1987.08.05"]
[PlyCount "104"]
1. d4 d5 2. c4 c6 3. Nf3 Nf6 4. Nc3 dxc4 5. a4 Bf5 6. e3 e6 7. Bxc4 Bb4 8. O-O Nbd7 9. Nh4 O-O 10. f3 Bg6 11. Nxg6 hxg6 12. Qc2 Rc8 13. Rd1 Qe7 14. a5 Rfd8 15. Bd2 c5 16. dxc5 Qxc5 17. b3 Ne5 18. Ne4 Nxe4 19. Bxb4 Qxe3+ 20. Kf1 Nxc4 21. Rxd8+ Rxd8 22. Qxe4 Qxb3 23. Rb1 Rd1+ 24. Rxd1 Qxd1+ 25. Kf2 Qd5 26. Qf4 Nxa5 27. Qb8+ Kh7 28. Qxa7 Nc6 29. Qb6 Nxb4 30. Qxb4 b5 31. Qe7 e5 32. h4 Qd4+ 33. Kg3 Qf4+ 34. Kh3 b4 35. Qb7 Qf5+ 36. Kg3 Qf4+ 37. Kh3 Kh6 38. Qa8 Kh7 39. Qb7 Kh6 40. Qa8 g5 41. Qh8+ Kg6 42. h5+ Kf6 43. Qd8+ Ke6 44. Qb6+ Kd7 45. Qb7+ Kd6 46. Qb6+ Kd7 47. Qb7+ Kd6 48. Qb6+ Kd5 49. Qb5+ Kd4 50. Qxb4+ Kd3 51. Qb3+ Ke2 52. Qb2+ Kd3 1/2-1/2

[Event "25th Rubinstein Memorial"]
[Site "Polanica Zdroj POL"]
[Date "1987.08.??"]
[Round "8"]
[White "Garcia Gonzales, Guillermo"]
[Black "Spasov, Luben"]
[WhiteElo "2510"]
[BlackElo "2365"]
[Result "1/2-1/2"]
[EventDate "1987.08.05"]
[PlyCount "125"]
1. d4 Nf6 2. c4 e6 3. Nf3 d5 4. Nc3 Be7 5. Bg5 h6 6. Bh4 O-O 7. e3 b6 8. Rc1 Bb7 9. cxd5 Nxd5 10. Bxe7 Qxe7 11. Be2 Rc8 12. O-O c5 13. Nxd5 Bxd5 14. Re1 Bb7 15. dxc5 bxc5 16. Ne5 Rc7 17. Bf3 Nc6 18. Nxc6 Bxc6 19. Bxc6 Rxc6 20. Qa4 Qc7 21. Red1 Rb8 22. Rd2 Rd6 23. Rxd6 Qxd6 24. Rd1 Qb6 25. b3 Rd8 26. Rxd8+ Qxd8 27. h3 Qc7 28. Qb5 h5 29. h4 g6 30. Qd3 Qa5 31. Qc2 Qe1+ 32. Kh2 Qb4 33. g3 Qb6 34. Qe4 Qa5 35. Qc2 Qb6 36. Qe4 Qa5 37. a4 Qb6 38. Qd3 a5 39. Kg1 Qc7 40. Qc3 Qb6 41. Kf1 Kf8 42. Ke2 Kg8 43. Kd2 Qc7 44. Kc2 Qb6 45. Kb2 Qc7 46. Kc2 Qb6 47. Qc4 Qc7 48. Qe4 Kf8 49. Kc3 Qb6 50. f3 Kg8 51. g4 hxg4 52. fxg4 f5 53. gxf5 exf5 54. Qe7 Qb4+ 55. Kc2 Kh8 56. h5 gxh5 57. Qf8+ Kh7 58. Qxf5+ Kh6 59. e4 h4 60. Qf6+ Kh5 61. Qf5+ Kh6 62. e5 c4 63. Qf6+ 1/2-1/2

[Event "25th Rubinstein Memorial"]
[Site "Polanica Zdroj POL"]
[Date "1987.08.??"]
[Round "8"]
[White "Bany, Jerzy"]
[Black "Kuczynski, Robert"]
[WhiteElo "2455"]
[BlackElo "2470"]
[Result "0-1"]
[EventDate "1987.08.05"]
[PlyCount "104"]
1. Nf3 f5 2. d4 Nf6 3. g3 g6 4. Bg2 Bg7 5. O-O O-O 6. c4 d6 7. Nc3 c6 8. d5 e5 9. dxe6 Bxe6 10. Qd3 Na6 11. Bf4 Re8 12. Ng5 Ng4 13. Nxe6 Rxe6 14. Rad1 Ne5 15. Qc2 Qa5 16. e4 Nxc4 17. Na4 Qb5 18. exf5 gxf5 19. b3 Ne5 20. Be3 Ng4 21. Bd4 Bxd4 22. Rxd4 Qe5 23. Rf4 Rf8 24. h3 Nh6 25. Rd1 Nc7 26. Nb2 Qg7 27. Nd3 Rfe8 28. Ra4 Nb5 29. Nf4 Re1+ 30. Rxe1 Rxe1+ 31. Kh2 a6 32. Rb4 Re7 33. a4 Qc3 34. Qxc3 Nxc3 35. Rc4 Ne4 36. f3 Nf6 37. g4 fxg4 38. hxg4 Nf7 39. b4 d5 40. Rd4 Nd6 41. g5 Nfe8 42. Nh5 Kf7 43. Kh3 Nf5 44. Rd2 Kg6 45. Kg4 Ne3+ 46. Kh4 Nf5+ 47. Kg4 Ne3+ 48. Kh4 Nd6 49. Nf4+ Kf5 50. Nh5 Nxg2+ 51. Rxg2 Re1 52. Kg3 Rh1 0-1

[Event "25th Rubinstein Memorial"]
[Site "Polanica Zdroj POL"]
[Date "1987.08.??"]
[Round "8"]
[White "Greenfeld, Alon"]
[Black "Hawelko, Marek"]
[WhiteElo "2520"]
[BlackElo "2440"]
[Result "1/2-1/2"]
[EventDate "1987.08.05"]
[PlyCount "48"]
1. d4 Nf6 2. Nf3 e6 3. c4 b6 4. Nc3 Bb7 5. a3 d5 6. cxd5 Nxd5 7. e3 Nf6 8. Bd3 c5 9. dxc5 Bxc5 10. b4 Be7 11. O-O Nbd7 12. Qb3 Rc8 13. Bb2 Bd6 14. Rfd1 Qe7 15. Qa4 O-O 16. Ba6 Bxa6 17. Qxa6 Ne5 18. Qe2 Nxf3+ 19. Qxf3 Be5 20. Rac1 a5 21. bxa5 bxa5 22. Qe2 Rfd8 23. Nb5 Rxd1+ 24. Qxd1 Rxc1 1/2-1/2

[Event "25th Rubinstein Memorial"]
[Site "Polanica Zdroj POL"]
[Date "1987.08.??"]
[Round "9"]
[White "Kuczynski, Robert"]
[Black "Stempin, Pawel"]
[WhiteElo "2470"]
[BlackElo "2400"]
[Result "1/2-1/2"]
[EventDate "1987.08.05"]
[PlyCount "42"]
1. e4 c5 2. Nf3 d6 3. c3 Nf6 4. Be2 Bg4 5. d3 e6 6. Nbd2 Be7 7. Nf1 Nc6 8. h3 Bxf3 9. Bxf3 d5 10. Ng3 d4 11. Be2 Nd7 12. O-O Bh4 13. Nh5 O-O 14. Nf4 b5 15. Qc2 Rc8 16. c4 a6 17. b3 Nb4 18. Qd1 Rb8 19. g3 Bg5 20. Ng2 Bxc1 21. Qxc1 bxc4 1/2-1/2

[Event "25th Rubinstein Memorial"]
[Site "Polanica Zdroj POL"]
[Date "1987.08.??"]
[Round "9"]
[White "Spasov, Luben"]
[Black "Bany, Jerzy"]
[WhiteElo "2365"]
[BlackElo "2455"]
[Result "1/2-1/2"]
[EventDate "1987.08.05"]
[PlyCount "29"]
1. d4 d5 2. c4 c6 3. Nc3 Nf6 4. Nf3 e6 5. Bg5 dxc4 6. e4 b5 7. e5 h6 8. Bh4 g5 9. Nxg5 hxg5 10. Bxg5 Be7 11. exf6 Bxf6 12. Be3 Bb7 13. a4 a6 14. Ne4 Be7 15. Be2 1/2-1/2

[Event "25th Rubinstein Memorial"]
[Site "Polanica Zdroj POL"]
[Date "1987.08.??"]
[Round "10"]
[White "Stempin, Pawel"]
[Black "Spasov, Luben"]
[WhiteElo "2400"]
[BlackElo "2365"]
[Result "1/2-1/2"]
[EventDate "1987.08.05"]
[PlyCount "25"]
1. Nf3 Nf6 2. c4 e6 3. Nc3 d5 4. d4 Be7 5. Bg5 h6 6. Bh4 O-O 7. e3 b6 8. Rc1 Bb7 9. cxd5 Nxd5 10. Bxe7 Qxe7 11. Be2 Nf6 12. O-O Nbd7 13. Qa4 1/2-1/2

[Event "25th Rubinstein Memorial"]
[Site "Polanica Zdroj POL"]
[Date "1987.08.??"]
[Round "10"]
[White "Greenfeld, Alon"]
[Black "Kuczynski, Robert"]
[WhiteElo "2520"]
[BlackElo "2470"]
[Result "1-0"]
[EventDate "1987.08.05"]
[PlyCount "129"]
1. d4 f5 2. Nc3 Nf6 3. Bg5 e6 4. e4 fxe4 5. Nxe4 Be7 6. Bxf6 Bxf6 7. Nf3 b6 8. Bd3 Nc6 9. c3 Bb7 10. Qe2 Qe7 11. O-O-O O-O-O 12. Ba6 Qf7 13. Rhe1 Rhf8 14. Bxb7+ Kxb7 15. Qb5 Be7 16. d5 exd5 17. Rxd5 Qg6 18. Ne5 Bg5+ 19. Kb1 Nxe5 20. Rxe5 Bf4 21. Re7 Bd6 22. Rxd7 Rxd7 23. Qxd7 Rxf2 24. h4 Rf7 25. Qb5 c6 26. Qg5 Kc7 27. Qxg6 hxg6 28. Kc2 Rf4 29. g3 Rf3 30. Rg1 Re3 31. Nxd6 Kxd6 32. Kd2 Re4 33. Kd3 Rg4 34. Ke3 Ke6 35. b3 Kf5 36. Kf3 Re4 37. Rd1 Re7 38. Rd6 g5 39. hxg5 c5 40. Rd5+ Kg6 41. Kf4 Re2 42. Rd6+ Kh5 43. g4+ Kh4 44. Kf5 Rxa2 45. Rd7 a5 46. Rxg7 Rf2+ 47. Kg6 Rd2 48. Kh6 Kxg4 49. Re7 Rh2+ 50. Kg6 Rd2 51. Re4+ Kf3 52. Re1 Rd3 53. Kf7 Kf2 54. Re6 Rf3+ 55. Ke7 Rxc3 56. Rxb6 Rg3 57. g6 Ke3 58. Kf7 Kd4 59. Rb5 Rf3+ 60. Kg8 Kd5 61. g7 Kc6 62. Rb8 Kd6 63. Rb6+ Kc7 64. Re6 Kd7 65. Kh7 1-0

[Event "25th Rubinstein Memorial"]
[Site "Polanica Zdroj POL"]
[Date "1987.08.??"]
[Round "11"]
[White "Kuczynski, Robert"]
[Black "Hawelko, Marek"]
[WhiteElo "2470"]
[BlackElo "2440"]
[Result "1-0"]
[EventDate "1987.08.05"]
[PlyCount "123"]
1. e4 c5 2. Nf3 e6 3. d4 cxd4 4. Nxd4 Nf6 5. Nc3 d6 6. Be2 Be7 7. O-O O-O 8. f4 a6 9. a4 Qc7 10. Kh1 Rd8 11. Be3 Nbd7 12. Bd3 Nc5 13. Qf3 b6 14. Rae1 Bb7 15. Qh3 Ncxe4 16. Nxe4 Nxe4 17. Nxe6 fxe6 18. Bxe4 Bxe4 19. Qxe6+ Kh8 20. Qxe4 Bf6 21. c3 Rab8 22. Bd4 Rf8 23. Bxf6 Rxf6 24. Rf3 h6 25. Qe7 Qc4 26. Rg3 Rf7 27. Qxd6 Qxf4 28. Qxf4 Rxf4 29. b3 Rf2 30. h3 Rb7 31. Re6 Rb2 32. c4 Kh7 33. h4 Rf2 34. Kh2 Rf4 35. Kh3 Rf2 36. Rd3 Rb2 37. h5 Kg8 38. Re8+ Kf7 39. Ra8 a5 40. Rad8 Kf6 41. R8d6+ Ke7 42. R6d5 Rc7 43. Re3+ Kf7 44. Rf5+ Kg8 45. g3 Rc5 46. Re8+ Kh7 47. Rxc5 bxc5 48. Rb8 g5 49. Rb7+ Kg8 50. Rb5 Kf7 51. Kg4 Kf6 52. Rxa5 Rxb3 53. Rxc5 Ra3 54. a5 Kg7 55. Rc7+ Kg8 56. Rc6 Rxa5 57. Rxh6 Rc5 58. Rf6 Kg7 59. Rf5 Rxc4+ 60. Kxg5 Rc6 61. g4 Ra6 62. Rb5 1-0

[Event "25th Rubinstein Memorial"]
[Site "Polanica Zdroj POL"]
[Date "1987.08.??"]
[Round "11"]
[White "Spasov, Luben"]
[Black "Greenfeld, Alon"]
[WhiteElo "2365"]
[BlackElo "2520"]
[Result "1/2-1/2"]
[EventDate "1987.08.05"]
[PlyCount "34"]
1. d4 Nf6 2. Nf3 b6 3. c4 e6 4. g3 Bb4+ 5. Bd2 Bxd2+ 6. Qxd2 Ba6 7. b3 c6 8. Qb2 d5 9. Nbd2 Nbd7 10. Bg2 O-O 11. O-O Qe7 12. Rac1 Rac8 13. Rfd1 Rfd8 14. e3 Bb7 15. b4 Ra8 16. a3 a5 17. c5 axb4 1/2-1/2

[Event "25th Rubinstein Memorial"]
[Site "Polanica Zdroj POL"]
[Date "1987.08.??"]
[Round "11"]
[White "Dolmatov, Sergei"]
[Black "Stempin, Pawel"]
[WhiteElo "2540"]
[BlackElo "2400"]
[Result "1/2-1/2"]
[EventDate "1987.08.05"]
[PlyCount "71"]
1. d4 Nf6 2. c4 e6 3. Nf3 b6 4. g3 Ba6 5. b3 Bb4+ 6. Bd2 Be7 7. Bg2 c6 8. Bc3 d5 9. Ne5 O-O 10. O-O Nfd7 11. Nxd7 Nxd7 12. Nd2 b5 13. Re1 bxc4 14. bxc4 Nb6 15. c5 Nc4 16. e4 Nxd2 17. Qxd2 dxe4 18. Bxe4 Qd7 19. Rab1 Rab8 20. Qf4 Rxb1 21. Rxb1 Bc4 22. a4 h6 23. h4 Qc8 24. Qf3 Bd5 25. Qe2 Bxe4 26. Qxe4 Qa6 27. a5 Bf6 28. Rb4 Rd8 29. Kg2 Rc8 30. Rb2 Qc4 31. Qe3 Rd8 32. Rb1 Qa6 33. Qe4 Rc8 34. Rb2 Qc4 35. Qe3 Rd8 36. Rb4 1/2-1/2

[Event "25th Rubinstein Memorial"]
[Site "Polanica Zdroj POL"]
[Date "1987.08.??"]
[Round "11"]
[White "Tomaszewski, Roman"]
[Black "Bany, Jerzy"]
[WhiteElo "2435"]
[BlackElo "2455"]
[Result "1/2-1/2"]
[EventDate "1987.08.05"]
[PlyCount "31"]
1. d4 Nf6 2. c4 c6 3. Nc3 d5 4. cxd5 cxd5 5. Nf3 e6 6. Bf4 Bd6 7. Bxd6 Qxd6 8. e3 Bd7 9. Be2 O-O 10. Ne5 Rc8 11. O-O Bc6 12. Qb3 Nbd7 13. Nxd7 Qxd7 14. Rfc1 Ne8 15. Rc2 Nd6 16. Rac1 1/2-1/2

[Event "25th Rubinstein Memorial"]
[Site "Polanica Zdroj POL"]
[Date "1987.08.??"]
[Round "11"]
[White "Thorsteins, Karl"]
[Black "Popchev, Milko"]
[WhiteElo "2445"]
[BlackElo "2460"]
[Result "1/2-1/2"]
[EventDate "1987.08.05"]
[PlyCount "27"]
1. d4 d6 2. e4 Nf6 3. Nc3 g6 4. Be3 c6 5. Qd2 b5 6. Bd3 Nbd7 7. Nf3 e5 8. h3 Bg7 9. Bh6 O-O 10. O-O-O Nb6 11. Bxg7 Kxg7 12. Qe3 Re8 13. Rhe1 Bb7 14. dxe5 1/2-1/2

[Event "25th Rubinstein Memorial"]
[Site "Polanica Zdroj POL"]
[Date "1987.08.??"]
[Round "12"]
[White "Garcia Gonzales, Guillermo"]
[Black "Thorsteins, Karl"]
[WhiteElo "2510"]
[BlackElo "2445"]
[Result "1/2-1/2"]
[EventDate "1987.08.05"]
[PlyCount "21"]
1. d4 Nf6 2. c4 g6 3. Nc3 d5 4. Nf3 Bg7 5. cxd5 Nxd5 6. e4 Nxc3 7. bxc3 c5 8. Bb5+ Nc6 9. O-O cxd4 10. cxd4 O-O 11. Be3 1/2-1/2

[Event "25th Rubinstein Memorial"]
[Site "Polanica Zdroj POL"]
[Date "1987.08.??"]
[Round "12"]
[White "Bany, Jerzy"]
[Black "Boensch, Uwe"]
[WhiteElo "2455"]
[BlackElo "2530"]
[Result "1/2-1/2"]
[EventDate "1987.08.05"]
[PlyCount "48"]
1. d4 d5 2. c4 e6 3. Nc3 Be7 4. Nf3 Nf6 5. Bg5 h6 6. Bh4 O-O 7. e3 b6 8. Rc1 Bb7 9. cxd5 exd5 10. Be2 Nbd7 11. O-O c5 12. Qa4 a6 13. dxc5 bxc5 14. Rfd1 Qb6 15. Qb3 Qa7 16. Bg3 Rac8 17. Ne5 Rfd8 18. Bf3 c4 19. Qc2 Nf8 20. Rd2 Qb6 21. Rcd1 Qe6 22. Be2 Bb4 23. Rd4 Qe7 24. Ng4 Bxc3 1/2-1/2

[Event "25th Rubinstein Memorial"]
[Site "Polanica Zdroj POL"]
[Date "1987.08.??"]
[Round "12"]
[White "Stempin, Pawel"]
[Black "Tomaszewski, Roman"]
[WhiteElo "2400"]
[BlackElo "2435"]
[Result "1/2-1/2"]
[EventDate "1987.08.05"]
[PlyCount "37"]
1. d4 Nf6 2. Nf3 c5 3. d5 d6 4. Nc3 g6 5. e4 Bg7 6. Bb5+ Nbd7 7. a4 a6 8. Be2 b6 9. O-O O-O 10. h3 Bb7 11. Re1 Qc7 12. Bc4 Ne5 13. Nxe5 dxe5 14. Be3 Ne8 15. Qd2 Nd6 16. b3 Rfb8 17. Bh6 Bxh6 18. Qxh6 f6 19. Qe3 1/2-1/2

[Event "25th Rubinstein Memorial"]
[Site "Polanica Zdroj POL"]
[Date "1987.08.??"]
[Round "12"]
[White "Greenfeld, Alon"]
[Black "Dolmatov, Sergei"]
[WhiteElo "2520"]
[BlackElo "2540"]
[Result "1/2-1/2"]
[EventDate "1987.08.05"]
[PlyCount "35"]
1. d4 e6 2. c4 Nf6 3. Nf3 c5 4. Nc3 cxd4 5. Nxd4 Bb4 6. g3 O-O 7. Bg2 d5 8. cxd5 Nxd5 9. Bd2 Nxc3 10. bxc3 Bc5 11. O-O e5 12. Nb3 Be7 13. c4 Nc6 14. Qc2 Qc7 15. Rfd1 a5 16. Be3 Be6 17. a3 Rfd8 18. Nc5 1/2-1/2

[Event "25th Rubinstein Memorial"]
[Site "Polanica Zdroj POL"]
[Date "1987.08.??"]
[Round "12"]
[White "Hawelko, Marek"]
[Black "Spasov, Luben"]
[WhiteElo "2440"]
[BlackElo "2365"]
[Result "1-0"]
[EventDate "1987.08.05"]
[PlyCount "115"]
1. e4 c5 2. Nf3 d6 3. d4 cxd4 4. Nxd4 Nf6 5. Nc3 a6 6. Be2 e6 7. f4 Qc7 8. O-O Be7 9. a4 O-O 10. Kh1 Nc6 11. Be3 Re8 12. Bf3 Na5 13. Qe1 Nc4 14. Bc1 e5 15. Nde2 exf4 16. Nxf4 Be6 17. Nxe6 fxe6 18. Qg3 Kh8 19. Qh3 Bf8 20. Be2 Rac8 21. Bd3 Ne5 22. Be3 Qf7 23. Rf4 Be7 24. Raf1 Qg8 25. g4 Nfd7 26. R4f2 Rf8 27. g5 Rxf2 28. Rxf2 Rf8 29. Rxf8 Nxf8 30. Be2 Qf7 31. Qg3 Bd8 32. h4 g6 33. Bd4 Nfd7 34. Nd1 Kg8 35. Kg2 Qe7 36. Nf2 Nc6 37. Bc3 Nde5 38. Ng4 Nxg4 39. Bxg4 e5 40. Qh3 Kf7 41. Be1 Ba5 42. c3 Bb6 43. Bd2 Kg7 44. Be6 Qf8 45. Qg3 a5 46. Bd5 Nd8 47. Be1 Qe7 48. Qg4 Qc7 49. Qf3 Qe7 50. Qh3 Qc7 51. Bd2 Ba7 52. h5 gxh5 53. Qxh5 Nf7 54. Be6 Kg8 55. g6 hxg6 56. Qxg6+ Kf8 57. Be1 Bb6 58. Bh4 1-0

[Event "25th Rubinstein Memorial"]
[Site "Polanica Zdroj POL"]
[Date "1987.08.??"]
[Round "13"]
[White "Dolmatov, Sergei"]
[Black "Hawelko, Marek"]
[WhiteElo "2540"]
[BlackElo "2440"]
[Result "1-0"]
[EventDate "1987.08.05"]
[PlyCount "53"]
1. d4 Nf6 2. Nf3 e6 3. c4 b6 4. Nc3 Bb7 5. a3 d5 6. cxd5 Nxd5 7. e3 Nd7 8. Bd3 N5f6 9. O-O Be7 10. Qe2 O-O 11. Rd1 Qb8 12. e4 c5 13. e5 Nd5 14. Be4 cxd4 15. Nxd5 exd5 16. Bc2 Qc7 17. Bf4 Ba6 18. Bxh7+ Kxh7 19. Qxa6 Qc2 20. Nxd4 Qe4 21. Qd3 Nc5 22. Qh3+ Kg8 23. Nf5 Rfe8 24. Rd4 Qe2 25. Be3 Na6 26. Nxe7+ Rxe7 27. Rh4 1-0

[Event "25th Rubinstein Memorial"]
[Site "Polanica Zdroj POL"]
[Date "1987.08.??"]
[Round "13"]
[White "Tomaszewski, Roman"]
[Black "Greenfeld, Alon"]
[WhiteElo "2435"]
[BlackElo "2520"]
[Result "0-1"]
[EventDate "1987.08.05"]
[PlyCount "52"]
1. d4 Nf6 2. c4 c5 3. Nf3 cxd4 4. Nxd4 e6 5. g3 d5 6. Bg2 e5 7. Nf3 d4 8. O-O Nc6 9. e3 Bc5 10. exd4 exd4 11. Re1+ Be6 12. Ng5 O-O 13. Nxe6 fxe6 14. Nd2 Qb6 15. Nb3 Rad8 16. Rxe6 d3 17. Be3 Bxe3 18. Rxe3 d2 19. Re2 Ng4 20. c5 Qb4 21. h3 Nxf2 22. Rxf2 Rxf2 23. Kxf2 Na5 24. Bf3 Nc4 25. Qe2 Nxb2 26. Qe5 Nd3+ 0-1

[Event "25th Rubinstein Memorial"]
[Site "Polanica Zdroj POL"]
[Date "1987.08.??"]
[Round "13"]
[White "Boensch, Uwe"]
[Black "Stempin, Pawel"]
[WhiteElo "2530"]
[BlackElo "2400"]
[Result "1-0"]
[EventDate "1987.08.05"]
[PlyCount "121"]
1. d4 Nf6 2. c4 e6 3. Nf3 b6 4. g3 Ba6 5. Qa4 Bb7 6. Bg2 c5 7. dxc5 Bxc5 8. Nc3 O-O 9. O-O Be7 10. Bf4 a6 11. Rfd1 d6 12. Rd2 Qc7 13. Rad1 Rd8 14. Ne1 Bxg2 15. Nxg2 Nc6 16. Bg5 Na5 17. Ne3 h6 18. Bxf6 Bxf6 19. Ne4 Be7 20. Rc2 Qb7 21. Nd2 Nc6 22. Nf3 Rac8 23. Nd4 Bf6 24. Nxc6 Rxc6 25. b4 b5 26. Qb3 Rdc8 27. Rdc1 Bd4 28. cxb5 axb5 29. Rxc6 Rxc6 30. Rxc6 Qxc6 31. Nc2 Bc3 32. Na3 Be1 33. Qb1 Bd2 34. Qc2 Qxc2 35. Nxc2 Kf8 36. Kf1 d5 37. e3 e5 38. Ke2 Bc1 39. Kd3 Bb2 40. e4 d4 41. f4 f6 42. fxe5 fxe5 43. Ne1 Ke7 44. Kc2 Bc3 45. Nd3 Kd6 46. Kb3 Bd2 47. a4 Bg5 48. axb5 Bd8 49. Nb2 Kc7 50. Nc4 Bf6 51. Ka4 Kb7 52. Ka5 Bd8+ 53. b6 d3 54. Ka4 Bxb6 55. Kb3 Bd4 56. Nd2 Bf2 57. Nf3 Be1 58. Nxe5 Bxb4 59. Nxd3 Be7 60. Kc4 Kc6 61. e5 1-0

[Event "25th Rubinstein Memorial"]
[Site "Polanica Zdroj POL"]
[Date "1987.08.??"]
[Round "13"]
[White "Thorsteins, Karl"]
[Black "Bany, Jerzy"]
[WhiteElo "2445"]
[BlackElo "2455"]
[Result "1/2-1/2"]
[EventDate "1987.08.05"]
[PlyCount "33"]
1. d4 d5 2. c4 e6 3. Nc3 Be7 4. cxd5 exd5 5. Bf4 Nf6 6. e3 O-O 7. Nf3 c6 8. Qc2 Nbd7 9. Bd3 Re8 10. g4 Nf8 11. h3 Be6 12. Ng5 Bd6 13. Be5 Bxe5 14. dxe5 N6d7 15. Bxh7+ Kh8 16. Nxe6 Nxe6 17. Bf5 1/2-1/2

[Event "25th Rubinstein Memorial"]
[Site "Polanica Zdroj POL"]
[Date "1987.08.??"]
[Round "13"]
[White "Popchev, Milko"]
[Black "Garcia Gonzales, Guillermo"]
[WhiteElo "2460"]
[BlackElo "2510"]
[Result "1/2-1/2"]
[EventDate "1987.08.05"]
[PlyCount "25"]
1. d4 Nf6 2. Nf3 e6 3. e3 c5 4. Bd3 b6 5. b3 Bb7 6. O-O Be7 7. Bb2 O-O 8. Nbd2 cxd4 9. exd4 d6 10. Re1 Nbd7 11. Ne4 Nxe4 12. Bxe4 Bxe4 13. Rxe4 1/2-1/2